[Event "PNWCC-Bulgaria Hybrid m2"]
[Site "Chess.com INT"]
[Date "2021.12.23"]
[Round "11"]
[White "Ermenkov, Evgenij"]
[Black "Li, Eric"]
[Result "1/2-1/2"]
[WhiteElo "2330"]
[BlackElo "2341"]
[PlyCount "181"]
[EventDate "2021.12.18"]
[EventType "team-match"]
[EventRounds "12"]
[EventCountry "USA"]
[SourceTitle "CBM 206 Extra"]
[Source "ChessBase"]
[SourceDate "2022.03.31"]
[SourceVersion "1"]
[SourceVersionDate "2022.03.31"]
[SourceQuality "1"]
[WhiteTeam "Bulgaria"]
[BlackTeam "PNWCC"]
[WhiteTeamCountry "BUL"]
[BlackTeamCountry "USA"]

1. c4 e6 2. Nc3 d5 3. cxd5 exd5 4. d4 c6 5. Bf4 Nf6 6. e3 Bf5 7. Bd3 Bxd3 8. Qxd3 Nbd7 9. h3 Be7 10. Nge2 Nf8 11. 0-0 Ne6 12. Bh2 0-0 13. a3 a5 14. Rad1 Re8 15. Qc2 Bf8 16. Rfe1 Qb6 17. Na4 Qa6 18. Nf4 Ne4 19. Nxe6 Rxe6 20. f3 Nf6 21. Nc5 Bxc5 22. Qxc5 Rae8 23. Kf2 Nd7 24. Qc2 a4 25. Re2 Qb5 26. Qd3 Qb6 27. g4 Qd8 28. Bg3 Nb6 29. Kg2 Nc4 30. Bf2 b5 31. Rde1 h5 32. Bg3 Qd7 33. Bf2 Rg6 34. Bg3 Ree6 35. Qf5 Qe7 36. Kf2 Nd6 37. Bxd6 Qxd6 38. Qf4 Qd8 39. gxh5 Rg5 40. Rg1 Rxh5 41. Rg3 Rh4 42. Qf5 g6 43. Qd3 Kg7 44. Kg2 Qf6 45. Rf2 Re8 46. f4 Rh5 47. Rff3 Re4 48. Rg4 c5 49. dxc5 Qxb2+ 50. Rf2 Qb3 51. Qxb3 axb3 52. Rb2 Rxe3 53. Rg3 Rxg3+ 54. Kxg3 d4 55. c6 Rc5 56. Rxb3 Rxc6 57. Rxb5 Rc3+ 58. Kg4 Rxa3 59. Rd5 Rd3 60. f5 Rd1 61. fxg6 Kxg6 62. Kf3 Rd3+ 63. Kg4 Kf6 64. h4 Rd1 65. h5 d3 66. Kf3 Ke6 67. Rd8 Kf5 68. Rd5+ Ke6 69. Rd8 Rh1 70. Rxd3 Rxh5 71. Rd4 Rf5+ 72. Ke3 Re5+ 73. Kf3 Kf5 74. Ra4 Kg6 75. Rb4 f6 76. Ra4 Rb5 77. Rc4 Kg5 78. Ra4 Rb3+ 79. Kf2 f5 80. Rc4 Rb8 81. Ra4 Rh8 82. Rb4 Ra8 83. Kg3 Ra3+ 84. Kf2 f4 85. Rb8 Kg4 86. Rg8+ Kf5 87. Rf8+ Ke4 88. Re8+ Kf5 89. Rf8+ Ke5 90. Re8+ Kf5 91. Rf8+ 1/2-1/2

[Event "PNWCC-Plovdiv FIDE Hybrid II m1"]
[Site "Chess.com INT"]
[Date "2021.07.26"]
[Round "3.2"]
[White "He, Anthony B"]
[Black "Ermenkov, Evgenij"]
[Result "1/2-1/2"]
[WhiteElo "2361"]
[BlackElo "2370"]
[PlyCount "54"]
[EventDate "2021.07.24"]
[EventType "schev"]
[EventRounds "8"]
[EventCountry "USA"]
[SourceTitle "EXT 2022"]
[Source "ChessBase"]
[SourceDate "2021.10.06"]
[SourceVersion "1"]
[SourceVersionDate "2021.10.06"]
[SourceQuality "1"]
[WhiteTeam "PNWCC"]
[BlackTeam "Plovdiv"]
[WhiteTeamCountry "USA"]
[BlackTeamCountry "BUL"]

1. e4 e5 2. Nf3 Nc6 3. Bc4 Nf6 4. d3 h6 5. 0-0 d6 6. c3 g5 7. Re1 Bg7 8. d4 Qe7 9. dxe5 dxe5 10. b3 Be6 11. Ba3 Qd7 12. Qxd7+ Nxd7 13. Bxe6 fxe6 14. h3 Bf8 15. Bxf8 Rxf8 16. Nbd2 Nb6 17. Nf1 Rg8 18. Ne3 h5 19. g3 Ke7 20. Kf1 Rad8 21. Rad1 Kf6 22. Ke2 Nc8 23. Rxd8 Rxd8 24. a4 Nd6 25. Nd2 Ne7 26. b4 Ng6 27. c4 b6 1/2-1/2

[Event "PNWCC-Plovdiv Hybrid m"]
[Site "Chess.com INT"]
[Date "2021.07.03"]
[Round "1"]
[White "He, Anthony B"]
[Black "Ermenkov, Evgenij"]
[Result "1-0"]
[WhiteElo "2361"]
[BlackElo "2370"]
[PlyCount "63"]
[EventDate "2021.07.03"]
[EventType "schev"]
[EventRounds "4"]
[EventCountry "USA"]
[SourceTitle "EXT 2022"]
[Source "ChessBase"]
[SourceDate "2021.10.06"]
[SourceVersion "1"]
[SourceVersionDate "2021.10.06"]
[SourceQuality "1"]
[WhiteTeam "PNWCC"]
[BlackTeam "Plovdiv"]
[WhiteTeamCountry "USA"]
[BlackTeamCountry "BUL"]

1. e4 c6 2. Nc3 d5 3. Nf3 dxe4 4. Nxe4 Nf6 5. Qe2 Bf5 6. Nxf6+ gxf6 7. d3 e6 8. g3 Bd6 9. Bg2 Nd7 10. 0-0 Qc7 11. Nh4 Bg6 12. Bd2 0-0-0 13. b4 Nb6 14. a4 Kb8 15. Rfb1 Be5 16. Ra3 Qd6 17. Be1 Nc8 18. Rab3 Rd7 19. Nxg6 hxg6 20. c4 Bd4 21. Bd2 g5 22. c5 Qe5 23. Qxe5+ Bxe5 24. b5 cxb5 25. c6 Rd4 26. cxb7 Nb6 27. Rxb5 Rxa4 28. Bxg5 Rg8 29. Bd2 Rd8 30. Rc1 Rxd3 31. Rxb6 Rd8 32. Rbc6 1-0

[Event "BUL-chT 70th"]
[Site "Primorsko"]
[Date "2020.09.10"]
[Round "3.1"]
[White "Dimitrov, Radoslav"]
[Black "Ermenkov, Evgenij"]
[Result "1-0"]
[WhiteElo "2505"]
[BlackElo "2378"]
[PlyCount "85"]
[EventDate "2020.09.09"]
[EventType "team-tourn"]
[EventRounds "7"]
[EventCountry "BUL"]
[SourceTitle "CBM 198 Extra"]
[Source "ChessBase"]
[SourceDate "2020.11.30"]
[SourceVersion "1"]
[SourceVersionDate "2020.11.30"]
[SourceQuality "1"]
[WhiteTeam "Razgrad Abritus"]
[BlackTeam "Dobrich Energiya 21"]
[WhiteTeamCountry "BUL"]
[BlackTeamCountry "BUL"]

1. d4 Nf6 2. Bg5 e6 3. Nc3 d5 4. e4 dxe4 5. Bxf6 Qxf6 6. Nxe4 Qh6 7. Nf3 Nd7 8. Bd3 Be7 9. h4 a6 10. Qe2 b6 11. Nfg5 Nf6 12. f4 Bb7 13. Nxf7 Kxf7 14. Ng5+ Ke8 15. Nxe6 Nd5 16. 0-0 Bc8 17. Ng5 c6 18. Rae1 Ra7 19. Qe5 Rd7 20. Bf5 Rf8 21. Qb8 Rd8 22. Bxc8 Qd6 23. Qxd6 Rxd6 24. g3 h6 25. Ne6 Rg8 26. c4 Nb4 27. a3 Nd3 28. Re2 Kf7 29. c5 bxc5 30. Bxa6 Nxb2 31. Rxb2 Rxe6 32. Bc4 Kf6 33. f5 Re3 34. Bxg8 cxd4 35. a4 Rxg3+ 36. Rg2 Rxg2+ 37. Kxg2 Bb4 38. Rc1 c5 39. Ra1 d3 40. a5 Bc3 41. Ra4 d2 42. Bb3 c4 43. Bc2 1-0

[Event "BUL-chT rapid 70th"]
[Site "Primorsko"]
[Date "2020.09.08"]
[Round "3.1"]
[White "Ermenkov, Evgenij"]
[Black "Enchev, Ivajlo"]
[Result "0-1"]
[WhiteElo "2378"]
[BlackElo "2491"]
[PlyCount "94"]
[EventDate "2020.09.08"]
[EventType "team-tourn (rapid)"]
[EventRounds "7"]
[EventCountry "BUL"]
[SourceTitle "CBM 198 Extra"]
[Source "ChessBase"]
[SourceDate "2020.11.30"]
[SourceVersion "1"]
[SourceVersionDate "2020.11.30"]
[SourceQuality "1"]
[WhiteTeam "Dobrich Energiya 21"]
[BlackTeam "Razgrad Abritus"]
[WhiteTeamCountry "BUL"]
[BlackTeamCountry "BUL"]

1. e4 e5 2. Nf3 Nc6 3. Bb5 a6 4. Ba4 d6 5. c3 Bd7 6. 0-0 g6 7. d4 Bg7 8. d5 Nce7 9. Bxd7+ Qxd7 10. c4 h6 11. Nc3 f5 12. exf5 gxf5 13. Ne1 Nf6 14. f4 e4 15. Nc2 c6 16. Ne3 0-0 17. Qb3 cxd5 18. Ncxd5 Nfxd5 19. cxd5 Rac8 20. Bd2 Qb5 21. Qxb5 axb5 22. Bc3 Bxc3 23. bxc3 Rxc3 24. Kf2 Ra8 25. Rfb1 Raa3 26. Re1 Rd3 27. g3 Kf7 28. Rab1 Rxa2+ 29. Kg1 Ra5 30. Rbc1 Kf6 31. g4 Raa3 32. Kf2 Nxd5 33. Nxf5 Rf3+ 34. Kg1 Rxf4 35. Nxd6 Ke5 36. Nxb5 Rxg4+ 37. Kh1 Rb3 38. Nc7 Rc3 39. Nb5 Rxc1 40. Rxc1 e3 41. Rc8 Re4 42. Kg2 e2 43. Re8+ Kf4 44. Rxe4+ Kxe4 45. Kf2 Kd3 46. Nd6 Nf4 47. h4 Ng2 0-1

[Event "Belgrade Trophy 30th"]
[Site "Belgrade"]
[Date "2016.11.26"]
[Round "3"]
[White "Vujacic, Borivoje"]
[Black "Ermenkov, Evgenij"]
[Result "1/2-1/2"]
[WhiteElo "2240"]
[BlackElo "2411"]
[PlyCount "104"]
[EventDate "2016.11.24"]
[EventType "swiss"]
[EventRounds "9"]
[EventCountry "SRB"]
[SourceTitle "CBM 175 Extra"]
[Source "ChessBase"]
[SourceDate "2016.12.12"]
[SourceVersion "1"]
[SourceVersionDate "2016.12.12"]
[SourceQuality "1"]

1. e4 c5 2. Nf3 d6 3. d4 cxd4 4. Nxd4 Nf6 5. Nc3 a6 6. Be2 e6 7. 0-0 Be7 8. f4 Qc7 9. Kh1 Nc6 10. Be3 0-0 11. a4 Re8 12. Nb3 b6 13. Bf3 Rb8 14. g4 Bf8 15. g5 Nd7 16. Bg2 Nb4 17. Rf3 Bb7 18. Rh3 g6 19. Qd2 Rbd8 20. a5 bxa5 21. Nxa5 Ba8 22. Qf2 Nc5 23. Nb3 Nxb3 24. cxb3 Rb8 25. Ba7 Rbc8 26. Bb6 Qe7 27. Rf1 f5 28. gxf6 Qxf6 29. Rg3 Bg7 30. f5 exf5 31. exf5 Rf8 32. Bxa8 Rxa8 33. fxg6 Qe7 34. gxh7+ Kh8 35. Qg2 Rxf1+ 36. Qxf1 Rf8 37. Qg2 Rf4 38. Be3 Rh4 39. Nd5 Nxd5 40. Qxd5 Kxh7 41. Qf5+ Kh8 42. Qc8+ Kh7 43. Qf5+ Kh8 44. Qc8+ Kh7 45. Qf5+ Kh8 46. Bg5 Qe1+ 47. Rg1 Qe4+ 48. Qxe4 Rxe4 49. Rd1 Be5 50. Be7 Re2 51. Bxd6 Rxh2+ 52. Kg1 Bxd6 1/2-1/2

[Event "Albena op-A"]
[Site "Albena"]
[Date "2015.06.17"]
[Round "1"]
[White "Czajkowski, Adam"]
[Black "Ermenkov, Evgenij"]
[Result "0-1"]
[WhiteElo "2153"]
[BlackElo "2433"]
[PlyCount "88"]
[EventDate "2015.06.17"]
[EventType "swiss"]
[EventRounds "9"]
[EventCountry "BUL"]
[SourceTitle "CBM 167 Extra"]
[Source "ChessBase"]
[SourceDate "2015.09.14"]
[SourceVersion "1"]
[SourceVersionDate "2015.09.14"]
[SourceQuality "1"]

1. e4 c5 2. Nf3 d6 3. d4 Nf6 4. Nc3 cxd4 5. Nxd4 Nc6 6. Bg5 e6 7. Qd2 a6 8. 0-0-0 Bd7 9. Kb1 b5 10. f3 Be7 11. h4 Rc8 12. g4 Ne5 13. Bd3 Qc7 14. Rhg1 Nc4 15. Bxc4 Qxc4 16. Be3 g6 17. g5 Nh5 18. f4 0-0 19. Nce2 Rfd8 20. Ng3 Nxg3 21. Rxg3 e5 22. b3 Qc7 23. Ne2 Be6 24. Bf2 d5 25. Rc3 Qb8 26. Rxc8 Qxc8 27. Qc3 Qxc3 28. Nxc3 d4 29. Nd5 Bxd5 30. exd5 Rxd5 31. fxe5 Rxe5 32. Bxd4 Re4 33. Bf6 Bxf6 34. gxf6 h5 35. Rd8+ Kh7 36. Rf8 Rxh4 37. Rxf7+ Kh6 38. Rf8 Kg5 39. f7 Kf6 40. Ra8 Kxf7 41. Rxa6 g5 42. a4 bxa4 43. bxa4 g4 44. a5 g3 0-1

[Event "BUL-chT2 64th"]
[Site "Sunny Beach"]
[Date "2015.06.05"]
[Round "6.1"]
[White "Ermenkov, Evgenij"]
[Black "Dimitrov, Vladimir"]
[Result "1/2-1/2"]
[WhiteElo "2433"]
[BlackElo "2413"]
[PlyCount "59"]
[EventDate "2015.05.31"]
[EventType "team-swiss"]
[EventRounds "7"]
[EventCountry "BUL"]
[SourceTitle "CBM 166 Extra"]
[Source "ChessBase"]
[SourceDate "2015.06.18"]
[SourceVersion "1"]
[SourceVersionDate "2015.06.18"]
[SourceQuality "1"]
[WhiteTeam "Lovech"]
[BlackTeam "Sofia Slavia"]
[WhiteTeamCountry "BUL"]
[BlackTeamCountry "BUL"]

1. e4 e5 2. Nf3 Nc6 3. Bb5 a6 4. Ba4 Nf6 5. 0-0 Be7 6. Re1 b5 7. Bb3 d6 8. c3 0-0 9. h3 Bb7 10. d3 Nb8 11. Nbd2 Nbd7 12. Nf1 Nc5 13. Bc2 Re8 14. Ng3 Bf8 15. Be3 h6 16. Qd2 a5 17. Rad1 a4 18. Qc1 Ncd7 19. Bb1 c5 20. a3 Qc7 21. Ba2 c4 22. dxc4 bxc4 23. Nd2 d5 24. exd5 Bxd5 25. Bb1 Qc6 26. f3 Nc5 27. Nde4 Ncxe4 28. Nxe4 Nxe4 29. Bxe4 Rad8 30. Qc2 1/2-1/2

[Event "Plovdiv Tringov Memorial 36th"]
[Site "Plovdiv"]
[Date "2014.02.07"]
[Round "7"]
[White "Ermenkov, Evgenij"]
[Black "Stoinev, Metodi"]
[Result "1-0"]
[WhiteElo "2427"]
[BlackElo "2231"]
[PlyCount "63"]
[EventDate "2014.02.02"]
[EventType "swiss"]
[EventRounds "9"]
[EventCountry "BUL"]
[SourceTitle "CBM 158 Extra"]
[Source "ChessBase"]
[SourceDate "2014.02.28"]
[SourceVersion "1"]
[SourceVersionDate "2014.02.28"]
[SourceQuality "1"]

1. c4 c6 2. e4 d5 3. cxd5 cxd5 4. exd5 Nf6 5. Nc3 Nxd5 6. Nf3 Nxc3 7. bxc3 g6 8. d4 Bg7 9. Bf4 Qa5 10. Qd2 Nc6 11. Rb1 a6 12. Be2 0-0 13. 0-0 e5 14. Nxe5 Nxe5 15. Bxe5 Bxe5 16. dxe5 Qxe5 17. Bf3 Rb8 18. Rfe1 Qc7 19. Rb4 Be6 20. Rh4 Rfe8 21. Qh6 Qxc3 22. Qxh7+ Kf8 23. Rhe4 Qg7 24. Qh4 b5 25. Qf4 Kg8 26. h4 Rbc8 27. Re5 Rc4 28. Qg3 Qh6 29. h5 Rec8 30. hxg6 Rh4 31. gxf7+ Kxf7 32. Bh5+ 1-0

[Event "Plovdiv Tringov Memorial 36th"]
[Site "Plovdiv"]
[Date "2014.02.05"]
[Round "5"]
[White "Ermenkov, Evgenij"]
[Black "Vajda, Levente"]
[Result "0-1"]
[WhiteElo "2427"]
[BlackElo "2583"]
[PlyCount "95"]
[EventDate "2014.02.02"]
[EventType "swiss"]
[EventRounds "9"]
[EventCountry "BUL"]
[SourceTitle "CBM 158 Extra"]
[Source "ChessBase"]
[SourceDate "2014.02.28"]
[SourceVersion "1"]
[SourceVersionDate "2014.02.28"]
[SourceQuality "1"]

1. c4 Nf6 2. Nc3 e5 3. Nf3 Nc6 4. d3 d6 5. e3 g6 6. a3 Bg7 7. Qc2 0-0 8. Be2 h6 9. 0-0 Bf5 10. Re1 a5 11. Nd2 Ne7 12. b3 c6 13. Bf1 Be6 14. Bb2 d5 15. b4 Nd7 16. Nb3 axb4 17. axb4 b6 18. Rxa8 Qxa8 19. Ra1 Qb8 20. Nd2 d4 21. exd4 exd4 22. Ncb1 Ne5 23. Nb3 Nf5 24. N1d2 Rd8 25. g3 h5 26. Bg2 h4 27. Ne4 b5 28. c5 Bd5 29. Bc1 hxg3 30. hxg3 Ng4 31. Bg5 Re8 32. Rf1 Qe5 33. Re1 Kf8 34. Nbd2 Bh6 35. Nf3 Qh8 36. Qd2 Bxg5 37. Qxg5 Qh5 38. Qxh5 gxh5 39. Ned2 Ra8 40. Ne5 Bxg2 41. Kxg2 Ra2 42. Nd7+ Kg7 43. Ne4 Nfe3+ 44. Kg1 f5 45. Nef6 Nxf2 46. Nxh5+ Kh6 47. Nf4 Nfg4 48. Ne2 0-1

[Event "Kesarovski Georgiev Memorial-A 12th"]
[Site "Sunny Beach"]
[Date "2013.09.07"]
[Round "8"]
[White "Petkov, Vladimir"]
[Black "Ermenkov, Evgenij"]
[Result "1-0"]
[WhiteElo "2552"]
[BlackElo "2423"]
[PlyCount "89"]
[EventDate "2013.08.31"]
[EventType "swiss"]
[EventRounds "9"]
[EventCountry "BUL"]
[SourceTitle "CBM 156 Extra"]
[Source "ChessBase"]
[SourceDate "2013.10.22"]
[SourceVersion "1"]
[SourceVersionDate "2013.10.22"]
[SourceQuality "1"]

1. d4 Nf6 2. c4 g6 3. Nc3 Bg7 4. e4 d6 5. h3 0-0 6. Bg5 a6 7. Nf3 Nbd7 8. e5 Ne8 9. Be2 c5 10. dxc5 dxe5 11. 0-0 Nc7 12. Nd5 f6 13. Be3 Ne6 14. b4 h6 15. Nh4 Kh7 16. g4 Rg8 17. Qc2 Nef8 18. Rad1 e6 19. Nb6 f5 20. Nxa8 Qxh4 21. Kg2 e4 22. Bf4 e5 23. Bg3 Qe7 24. Nc7 f4 25. Nd5 Qe8 26. Qxe4 fxg3 27. fxg3 Ne6 28. h4 Kh8 29. Bd3 Ndf8 30. Nf6 Bxf6 31. Rxf6 Nd4 32. Qe3 Kg7 33. Rdf1 Nc6 34. Be4 Nd8 35. Bd5 Nh7 36. Rd6 Rf8 37. Rxd8 Qxd8 38. Qxe5+ Rf6 39. Rxf6 Nxf6 40. g5 hxg5 41. hxg5 Qd7 42. gxf6+ Kh6 43. f7 Qh3+ 44. Kg1 Qxg3+ 45. Qxg3 1-0

[Event "Kesarovski Georgiev Memorial-A 12th"]
[Site "Sunny Beach"]
[Date "2013.09.02"]
[Round "3"]
[White "Hadzimanolis, Antonios"]
[Black "Ermenkov, Evgenij"]
[Result "0-1"]
[WhiteElo "2304"]
[BlackElo "2423"]
[PlyCount "114"]
[EventDate "2013.08.31"]
[EventType "swiss"]
[EventRounds "9"]
[EventCountry "BUL"]
[SourceTitle "CBM 156 Extra"]
[Source "ChessBase"]
[SourceDate "2013.10.22"]
[SourceVersion "1"]
[SourceVersionDate "2013.10.22"]
[SourceQuality "1"]

1. e4 c5 2. c3 d6 3. d4 Nf6 4. f3 Nbd7 5. Be3 e5 6. dxe5 dxe5 7. Na3 Be7 8. Nh3 a6 9. Nc4 Qc7 10. a4 b6 11. Nf2 0-0 12. Be2 Rd8 13. 0-0 Rb8 14. Na3 Nf8 15. Qc2 Ne8 16. Nd3 Bb7 17. Nc4 Nd7 18. Nd2 Nd6 19. f4 Nxe4 20. Nxe5 Ndf6 21. Bd3 Nxd2 22. Bxd2 b5 23. axb5 axb5 24. c4 b4 25. Rae1 Ba8 26. Re3 Rb6 27. Rfe1 Bf8 28. Rh3 h6 29. Ree3 Ra6 30. Re1 Rad6 31. Be3 Kh8 32. Bf2 Kg8 33. Qe2 Qb7 34. Bh4 Re8 35. Qf1 Qc8 36. Rhe3 Red8 37. h3 Ra6 38. Bb1 Rd4 39. Rd3 Rxd3 40. Bxd3 Rd6 41. Rd1 Ne4 42. Bc2 Qe6 43. Re1 f5 44. b3 g5 45. Bf2 Rd2 46. Bxe4 Bxe4 47. Nf3 Rb2 48. fxg5 Qg6 49. Be3 f4 50. Bc1 Rc2 51. Nd2 Bc6 52. Qxf4 Bg7 53. Nf3 hxg5 54. Qxg5 Bd4+ 55. Kh1 Qxg5 56. Bxg5 Rb2 57. Bc1 Rxb3 0-1

[Event "EU-ch Seniors rap"]
[Site "Plovdiv"]
[Date "2013.03.21"]
[Round "9"]
[White "Sveshnikov, Evgeny"]
[Black "Ermenkov, Evgenij"]
[Result "1-0"]
[WhiteElo "2530"]
[BlackElo "2423"]
[PlyCount "99"]
[EventDate "2013.03.20"]
[EventType "swiss (rapid)"]
[EventRounds "9"]
[EventCountry "BUL"]
[SourceTitle "EXT 2014"]
[Source "ChessBase"]
[SourceDate "2013.11.20"]
[SourceVersion "1"]
[SourceVersionDate "2013.11.20"]
[SourceQuality "1"]

1. e4 d6 2. d4 Nf6 3. f3 Nbd7 4. Be3 e5 5. d5 Be7 6. c4 Nh5 7. Nc3 h6 8. g3 Bg5 9. Bf2 a5 10. h4 Be7 11. Nge2 g6 12. Qd2 Nc5 13. Be3 Bf8 14. g4 Nf6 15. Ng3 h5 16. g5 Nh7 17. 0-0-0 b6 18. f4 exf4 19. Bd4 Rg8 20. Qxf4 Bg7 21. Bxg7 Rxg7 22. e5 Bg4 23. Be2 Qe7 24. exd6 Qxd6 25. Qxd6 cxd6 26. Bxg4 hxg4 27. Rhe1+ Kd7 28. Nge4 Re8 29. Nxc5+ bxc5 30. Rxe8 Kxe8 31. Ne4 Ke7 32. Re1 Kd7 33. Rg1 Rg8 34. Rxg4 Re8 35. Rf4 Re7 36. Kc2 Kc7 37. Kb3 Nf8 38. Nc3 Nd7 39. Nb5+ Kb6 40. Nxd6 Re3+ 41. Kc2 a4 42. a3 Re2+ 43. Kc3 Re3+ 44. Kd2 Rb3 45. Kc2 Ne5 46. Nxf7 Nd3 47. Rf6+ Ka5 48. d6 Rb8 49. Kxd3 Rxb2 50. h5 1-0

[Event "EU-ch Seniors 13th"]
[Site "Plovdiv"]
[Date "2013.03.19"]
[Round "9"]
[White "Karasev, Vladimir I"]
[Black "Ermenkov, Evgenij"]
[Result "1/2-1/2"]
[WhiteElo "2354"]
[BlackElo "2423"]
[PlyCount "200"]
[EventDate "2013.03.11"]
[EventType "swiss"]
[EventRounds "9"]
[EventCountry "BUL"]
[SourceTitle "CBM 153 Extra"]
[Source "ChessBase"]
[SourceDate "2013.04.22"]
[SourceVersion "1"]
[SourceVersionDate "2013.04.22"]
[SourceQuality "1"]

1. Nf3 g6 2. e4 c5 3. d4 cxd4 4. Qxd4 Nf6 5. Bb5 Nc6 6. Bxc6 dxc6 7. Qxd8+ Kxd8 8. Nc3 Nd7 9. e5 Nc5 10. Be3 Ne6 11. 0-0-0+ Kc7 12. Ng5 Nxg5 13. Bxg5 Be6 14. Ne2 h6 15. Be3 Bg7 16. Nf4 Bf5 17. Bd4 Rhd8 18. Bc3 h5 19. Ne2 c5 20. Ng3 Bh6+ 21. Bd2 Rxd2 22. Rxd2 Rd8 23. Nf1 Rd5 24. Ne3 Rxe5 25. Re1 Be4 26. Kd1 b5 27. Ree2 f5 28. Ke1 Re6 29. Rd1 a5 30. Nd5+ Kc6 31. Nc3 b4 32. Nxe4 fxe4 33. Kf1 Bg7 34. Rde1 Kd5 35. f3 Bxb2 36. Rxe4 Rd6 37. Rxe7 a4 38. Rd1+ Bd4 39. Ke2 Kc4 40. Rd3 g5 41. Re4 Rf6 42. g3 Rf5 43. f4 g4 44. Kd2 a3 45. Ke2 Rf8 46. Kd1 Rf6 47. Ke2 Rf8 48. Re7 h4 49. Re4 hxg3 50. hxg3 Rh8 51. f5 Rh2+ 52. Kd1 Rf2 53. Rf4 Rxf4 54. gxf4 Kd5 55. Ke2 c4 56. Rxd4+ Kxd4 57. f6 b3 58. cxb3 cxb3 59. f7 b2 60. f8Q b1Q 61. Qd6+ Kc4 62. Qa6+ Kd5 63. Qa5+ Ke6 64. Qxa3 Kf5 65. Qf8+ Ke4 66. Qe7+ Kxf4 67. Qe3+ Kf5 68. a3 Qc2+ 69. Kf1 Kg6 70. Kg1 Qb2 71. Qe4+ Kg5 72. Qe3+ Kh5 73. Qc5+ Kg6 74. Qc6+ Kf5 75. a4 Qd4+ 76. Kg2 Qd2+ 77. Kg1 Qe3+ 78. Kg2 Qh3+ 79. Kg1 Qg3+ 80. Kf1 Qd3+ 81. Kg2 Qe2+ 82. Kg3 Qe5+ 83. Kg2 Qe2+ 84. Kg3 Qe1+ 85. Kg2 Qd2+ 86. Kg3 Qe3+ 87. Kg2 Kg5 88. Qd5+ Kh4 89. Qd8+ Kh5 90. Qh8+ Kg5 91. Qg7+ Kh5 92. Qf7+ Kg5 93. Qg8+ Kh5 94. Qf7+ Kg5 95. Qg7+ Kh5 96. Qh8+ Kg5 97. Qg7+ Kh5 98. Qf7+ Kg5 99. Qd5+ Kh4 100. Qd8+ Kh5 1/2-1/2